000 00823nam a22002297a 4500
005 20160329150714.0
010 _a1516ENO7 ENG-114526
020 _a9789350716359
_c995.00
035 _aEN-98058
035 _aB-606827-846
037 _adpl
_bVariety/Ven
037 _bDBAD/PUB
082 _a343.052
245 _aTaxmann's income tax act :
_bas amended by Finance Act 2015
250 _a59th ed
260 _aNew Delhi
_bTaxmann Publications
_c2015
270 _a59/32, New Rohtak Road,
_bNew Delhi
_e110005
_k+91-11-45562222
_l-
_m-
300 _av,I.1257,2.79p.
_c25cm(pbk)
500 _aIncludes index
942 _2ddc
_cEN
_mTAX
_h343.052
999 _c95814
_d95814